| 000 | 01741cad a22002655a 4500 | ||
|---|---|---|---|
| 001 | L144387 | ||
| 008 | 080715e20080710xxko f 000 0 eng d | ||
| 035 | _a(Sirsi) u144387 | ||
| 041 | 0 | _aeng | |
| 050 | 0 | 4 | _a306.3 $2 18 |
| 100 | 1 | _aGibb, Kenneth | |
| 245 | 0 | 0 |
_aHome economics _bhow housing shapes city economies _h[electronic resource] |
| 260 |
_aLondon _bCentre for Cities _c2008 |
||
| 505 | 2 | _aPolicy recommendations -- Housing - The Great British obsession -- Recent housing market developments, responses and impacts -- Residential investment and urban housing markets -- Are we at a housing market turning point? -- A tale of two city regions -- Understanding the relationship between housing and the urban economy -- Conclusions and policy recommendations | |
| 520 | _aArgues that housing policy is often considered in isolation from other factors such as employment and business growth and that the links need to be better understood to prevent less than effective housing policies. Report finds that local housing markets are of more importance to the economic performance of cities than national ones and that policy makers need to set objectives that meet local requirements as opposed to setting national targets based on media perceptions of currently available housing stock. | ||
| 521 | _aAdvanced | ||
| 650 | 2 | 4 | _aGREEN PAPER HOMES FOR THE FUTURE: MORE AFFORDABLE, MORE SUSTAINABLE |
| 650 | 2 | 4 | _aTOWN AND COUNTRY PLANNING ACT 1990 S106 |
| 651 | 4 |
_aUnited Kingdom _y |
|
| 690 |
_aResidential property _96266 |
||
| 700 | 1 | _aO'Sullivan, Tony | |
| 700 | 1 | _aGlossop, Catherine | |
| 856 | 4 | 0 |
_uhttps://www.centreforcities.org/index.php?id=541 _zView the item free of charge at www.centreforcities.org... |
| 942 | _n0 | ||
| 999 |
_c108488 _d108488 |
||